| 000 | 00557cam a2200193 4500 | ||
|---|---|---|---|
| 001 | D8860 | ||
| 008 | 090401t1913 xxu||||| |||| 00| 0 eng d | ||
| 035 | _a(Sirsi) u15843 | ||
| 041 | _aeng | ||
| 050 | _a692.30968 | ||
| 110 |
_aSouth African Institute of Quantity Surveyors _93090 |
||
| 245 | _aStandard system of measuring builders` work in South Africa | ||
| 260 |
_aJohannesburg _bSouth African Institute of Quantity Surv _c1913 |
||
| 300 | _axv. 70p. 25cm | ||
| 350 | _a0.38 | ||
| 520 | _aFiled at SMM 1913/1B | ||
| 942 | _n0 | ||
| 948 | _c04/03/1997 | ||
| 999 |
_c87317 _d87317 |
||